Statistics for Famous Native Americans

Click here to take the quiz!

General Stats

  • This quiz has been taken 72 times
  • The average score is 5 of 15

Answer Stats

DeedsFigure% Correct
She fell in love with John Smith in 1607Pocahontas
84%
Victorious at the Battle of Little BighornChief Sitting Bull
79%
Staged the last great Native Ameircan uprisingGeronimo
73%
Led warriors in the Great Sioux War of 1876Crazy Horse
60%
Assisted the pilgrims during the first winterSquanto
35%
Henry Wadworth Longfellow wrote about himHiawatha
32%
Sioux leader and warrior, fought for Powder River CountryRed Cloud
27%
Took Fort Detroit at the Battle of Bloody RunPontiac
26%
Accompanied explorers Lewis and ClarkSacajawea
23%
A war chief fought for and against the British settlersBlack Hawk
15%
Apache leader; fought in the Apache WarsCochise
11%
Invented the Cherokee syllabrySequoiah
10%
Actor, philanthropist, comedian, presidental candidateWill Rogers
5%
Dancer with the New York City BalletMaria TallChief
3%
Urged natives to stop handing land to the whitesTecumesh
0%

Score Distribution

Percentile by Number Answered

Percent of People with Each Score

Your Score History

You have not taken this quiz